| 000 | 01821nam2a2200277 i 4500 | ||
|---|---|---|---|
| 001 | RU\NLR\BIBL_A\011001056 | ||
| 005 | 20260406013253.0 | ||
| 010 |
_a9785000780541 _bч. 2 _9500 |
||
| 021 |
_aRU _b2016-9996 _9650 |
||
| 035 | _a(NLR Aleph) 011001056 | ||
| 090 |
_a10966838 _c10966838 |
||
| 100 | _a20160226d2015 k y0rusy50 ca | ||
| 101 | 0 | _arus | |
| 102 | _aRU | ||
| 105 | _ach z 000yy | ||
| 200 | 1 |
_aГосударственная деятельность в царствование Павла I _dThe state activity in the reign of Pavel I _zeng |
|
| 210 | _d2015 | ||
| 215 |
_a195 с. _cцв. портр., факс. |
||
| 320 | _aБиблиогр.: с. 137-140 и в подстроч. примеч. | ||
| 461 | 0 |
_1001RU\NLR\BIBL_A\010735122 _12001#$aГ. Р. Державин: на службе у трех императоров$dG. R. Derzhavin: on service of three emperors$eмонография$eв 3 ч.$fН. С. Цинцадзе$gМ-во образования и науки Рос. Федерации, Федер. гос. бюджет. образоват. учреждение высш. проф. образования "Тамб. гос. ун-т им. Г. Р. Державина"$zeng$vЧ. 2 _1700#1$aЦинцадзе$bН. С.$gНина Сергеевна$f1984-$3RU\NLR\AUTH\77118746 _99879317 _aЦинцадзе, Н. С. (1984-) _cТамбов _d2014 _fН. С. Цинцадзе _lG. R. Derzhavin: on service of three emperors _nИзд-во ТГУ _oмонография : в 3 ч. _tГ. Р. Державин: на службе у трех императоров _vЧ. 2 |
|
| 510 | 1 |
_6z45790 _aThe state activity in the reign of Pavel I _zeng |
|
| 790 | 1 |
_8rus _7ba _aCincadze _bN. S. _f1984- _gNina Sergeevna _3RU\NLR\AUTH\77118747 _9101672 |
|
| 942 | _cBOOK | ||
| 980 | _aNBR | ||